Statystyki dla Top 100 Polskich Youtuberów

Kliknij tutaj aby rozwiązać quiz!

Ogólne statystyki

  • Ten quiz został rozwiązany 270 razy
  • Średni wynik to 13 z 100

Statystyki odpowiedzi

HintOdpowiedź% Poprawnych
3Friz
96%
2Blowek
92%
4Stuu
72%
27Wersow
72%
5Rezigiusz
64%
38Tromba
59%
69Mini Majk
44%
9Naruciak
39%
50Marcin Dubiel
36%
6SA Wardęga
34%
1Bazylland
31%
33Gimper
28%
14Isamu
26%
28TheNitroZyniak
26%
59Boxdel
25%
36Mandzio
25%
8Abstrachujetv
22%
25Kaluch
20%
31Wojan
20%
63Boruciak
19%
17Karolek
17%
13SBM Label
17%
39Beksy
15%
11Planeta Faktów
15%
30Young Multi
15%
165 Sposobów Na
14%
56Skkf
14%
15Vito Minecraft
14%
79Waksy
14%
99Jacob
13%
7Step Records
13%
20Izak Live
11%
70Wip Bros
11%
12Disco Marek
10%
51Rojson
10%
54Agnieszka Grzelak vlog
9%
41Jdabrowsky
9%
64Z Dvpy
9%
90Cyber Marian
8%
45Fit Lovers
8%
40Gplay
8%
47Niekryty Krytyk
8%
19QueQuality
8%
72Sitr0x
8%
52TheUnboxall
8%
76AdBuster
7%
35Deejaypallaside
7%
83Dominik Łupicki
7%
78Historia Bez Cenzury
7%
71Ponki
7%
68Red Lipstick Monster
7%
75ZeboPL
7%
89Agnieszka Grzelak Beauty
6%
44Dizowskyy
6%
88Nolif
6%
98Poszukiwacz
6%
67Remigiusz Maciaszek
6%
53RoxMb
6%
100Dezy
5%
42Jasna Strona
5%
57Śmiechawatv
5%
92Trenuj z Krzychem
5%
18TVNPL
5%
37Bracia Malczyńscy
4%
87Martin Stankiewicz
4%
29Prostotv
4%
21Spinkafilmstudio
4%
60Taco Hemingway
4%
235 Minutowe Sztuczki
3%
10Car Music
3%
95Cypisolo
3%
84Dawid Frank
3%
85Dilerek Minecraft
3%
97GilathissNew
3%
34Kaliganjamafia
3%
91Medusa Official
3%
66NewBadLabel
3%
62Zajcu37
3%
22Babys Adventure
2%
46BORCREW official
2%
77Disco Polo Lajf
2%
86Mateusz M
2%
82Miłośnicy Czterech Kółek
2%
65TVN Series
2%
61UrbanRecTv
2%
32Baby Dinosaurs
1%
96BinkieTv
1%
48Boomerang Polska
1%
58Cyberpunk 2077
1%
55DominikGameStreamer
1%
80Enduro KeX
1%
26Jedrek29t
1%
24JuzzyGamePlay
1%
43MagicRecordsPoland
1%
49MNXHD
1%
81Peppa Pig Polska
1%
74Śpiewające Brzdące
1%
73Ozyrys
0%
93Sky Kids Toys
0%
94TVGRYpl
0%

Rozkład punktacji

Percentyl według liczby udzielonych odpowiedzi

Procent ludzi z każdym wynikiem

Twoja historia wyników

Nie rozwiązałeś tego quizu